| 000 | 00340nam a22001337a 4500 | ||
|---|---|---|---|
| 082 |
_a662.01 _bMAH _cD |
||
| 100 | _aMahaffy, J.P | ||
| 245 |
_aA history of Egypt / _cJ.P Mahaffy |
||
| 260 |
_aLondon : _bMethuen & Co Ltd, _c1899. |
||
| 300 | _a39 p. : | ||
| 526 |
_a0 _b0 _c0 _d662_010000000000000_MAH |
||
| 650 |
_aMCE _9379 |
||
| 942 |
_2ddc _cBK |
||
| 999 |
_c552903 _d552903 |
||